000
00254nam a2200097Ia 4500
001
760760
005
20250826165154.0
008
250824s9999 xx 000 0 und d
245
0
_a
YENİ BAŞLANGIÇLAR MEVSİMİ
_c
DEBBIE MACOMBER
260
_b
MARTI YAYINLARI
999
_c
760760
_d
760760